And He dwelt among us : (Record no. 130753)
[ view plain ]
| 000 -LEADER | |
|---|---|
| fixed length control field | 02222cam a22004097i 4500 |
| 001 - CONTROL NUMBER | |
| control field | 18350328 |
| 003 - CONTROL NUMBER IDENTIFIER | |
| control field | BD-DhUL |
| 005 - DATE AND TIME OF LATEST TRANSACTION | |
| control field | 20161204161828.0 |
| 008 - FIXED-LENGTH DATA ELEMENTS--GENERAL INFORMATION | |
| fixed length control field | 141027s2014 mnu 000 0 eng d |
| 010 ## - LIBRARY OF CONGRESS CONTROL NUMBER | |
| LC control number | 2014955292 |
| 020 ## - INTERNATIONAL STANDARD BOOK NUMBER | |
| International Standard Book Number | 9780764216145 (pbk.) |
| 020 ## - INTERNATIONAL STANDARD BOOK NUMBER | |
| International Standard Book Number | 0764216147 |
| 020 ## - INTERNATIONAL STANDARD BOOK NUMBER | |
| International Standard Book Number | 0830746919 |
| 035 ## - SYSTEM CONTROL NUMBER | |
| System control number | (OCoLC)ocn884302519 |
| 040 ## - CATALOGING SOURCE | |
| Original cataloging agency | YDXCP |
| Language of cataloging | eng |
| Transcribing agency | YDXCP |
| Description conventions | rda |
| Modifying agency | BTCTA |
| -- | OCLCQ |
| -- | OEM |
| -- | OCLCQ |
| -- | OCLCA |
| -- | OCLCF |
| -- | BDX |
| -- | BDX |
| -- | BD-DhUL |
| 042 ## - AUTHENTICATION CODE | |
| Authentication code | lccopycat |
| 050 00 - LIBRARY OF CONGRESS CALL NUMBER | |
| Classification number | BS2615.54 |
| Item number | .T69 2014 |
| 082 00 - DEWEY DECIMAL CLASSIFICATION NUMBER | |
| Classification number | 252/.099 |
| Edition number | 23 |
| 100 1# - MAIN ENTRY--PERSONAL NAME | |
| Personal name | Tozer, A. W. |
| Fuller form of name | (Aiden Wilson), |
| Dates associated with a name | 1897-1963. |
| 240 10 - UNIFORM TITLE | |
| Uniform title | Sermons. |
| Form subheading | Selections |
| 245 10 - TITLE STATEMENT | |
| Title | And He dwelt among us : |
| Remainder of title | teachings from the Gospel of John / |
| Statement of responsibility, etc. | A.W. Tozer ; compiled and edited by James L. Snyder. |
| 264 #1 - PRODUCTION, PUBLICATION, DISTRIBUTION, MANUFACTURE, AND COPYRIGHT NOTICE | |
| Place of production, publication, distribution, manufacture | Minneapolis, Minnesota : |
| Name of producer, publisher, distributor, manufacturer | Bethany House, |
| Date of production, publication, distribution, manufacture, or copyright notice | 2014. |
| 300 ## - PHYSICAL DESCRIPTION | |
| Extent | 218 pages ; |
| Dimensions | 22 cm |
| 336 ## - CONTENT TYPE | |
| Content type term | text |
| Content type code | txt |
| Source | rdacontent |
| 337 ## - MEDIA TYPE | |
| Media type term | unmediated |
| Media type code | n |
| Source | rdamedia |
| 338 ## - CARRIER TYPE | |
| Carrier type term | volume |
| Carrier type code | nc |
| Source | rdacarrier |
| 505 0# - FORMATTED CONTENTS NOTE | |
| Formatted contents note | Introduction : A passion for the lost / by James L. Snyder -- God has put everlasting into our souls -- A time before time began -- The beauteous world as made by Him -- The tragic side of Christ becoming flesh -- The mystery of the word made flesh -- The Old Testament Messiah versus the New Testament Christ -- What really matters to God? -- The personal application of Christ's coming into the world -- Perfect harmony and unity in the Trinity -- The eternal Christ is both judge and Savior -- The wonder and mystery of the eternal Christ identifying with man -- Living victoriously in two kingdoms -- The importance of a proper concept of God. |
| 610 20 - SUBJECT ADDED ENTRY--CORPORATE NAME | |
| Corporate name or jurisdiction name as entry element | Christian and Missionary Alliance |
| Form subdivision | Sermons. |
| 630 00 - SUBJECT ADDED ENTRY--UNIFORM TITLE | |
| Uniform title | Bible. |
| Name of part/section of a work | John |
| Form subdivision | Sermons. |
| 650 #0 - SUBJECT ADDED ENTRY--TOPICAL TERM | |
| Topical term or geographic name as entry element | Sermons, American |
| Chronological subdivision | 20th century. |
| 700 1# - ADDED ENTRY--PERSONAL NAME | |
| Personal name | Snyder, James L., |
| Relator term | editor. |
| 856 42 - ELECTRONIC LOCATION AND ACCESS | |
| Materials specified | Contributor biographical information |
| Uniform Resource Identifier | http://www.loc.gov/catdir/enhancements/fy1511/2014955292-b.html |
| 856 42 - ELECTRONIC LOCATION AND ACCESS | |
| Materials specified | Publisher description |
| Uniform Resource Identifier | http://www.loc.gov/catdir/enhancements/fy1511/2014955292-d.html |
| 906 ## - LOCAL DATA ELEMENT F, LDF (RLIN) | |
| a | 7 |
| b | cbc |
| c | copycat |
| d | 2 |
| e | ncip |
| f | 20 |
| g | y-gencatlg |
| 942 ## - ADDED ENTRY ELEMENTS (KOHA) | |
| Source of classification or shelving scheme | |
| Koha item type | Books |
| Price effective from | Date last seen | Permanent Location | Not for loan | Date acquired | Source of classification or shelving scheme | Koha item type | Lost status | Withdrawn status | Source of acquisition | Collection code | Damaged status | Shelving location | Barcode | Current Location | Full call number |
|---|---|---|---|---|---|---|---|---|---|---|---|---|---|---|---|
| 2016-12-04 | 2016-12-04 | Dhaka University Library | 2016-12-04 | Books | purchased | Non Fiction | General Stacks | A136927 | Dhaka University Library | 252/.099 |
